Biblioteca y Centro de Documentación

Informes elaborados por el Consejo Económico y Social de la Comunidad de Madrid en 2007 (Registro nro. 21477)

Detalles MARC
000 -CABECERA
Longitud fija campo de control 01120nam a2200313 c 4500
001 - NÚMERO DE CONTROL
Número de control 21477
003 - IDENTIFICADOR DE NÚMERO DE CONTROL
Identificador del número de control ES-MaCES
005 - FECHA Y HORA DE LA ÚLTIMA TRANSACCIÓN
Fecha y hora de la última transacción 20141221122728.0
008 - CAMPO FIJO DE DESCRIPCIÓN FIJA--INFORMACIÓN GENERAL
Códigos de información de longitud fija   080922s2008 sp t o000 | spa d
017 ## - NÚMERO DE REGISTRO DE DERECHOS DE AUTOR Y DEPÓSITO LEGAL
Número de copyright o de depósito legal BI 1380-2008
Agencia que asigna el número DL
020 ## - ISBN (INTERNATIONAL STANDARD BOOK NUMBER)
Número Internacional Normalizado para Libros (ISBN) 8445131374 (erróneo)
035 ## - NÚMERO DE CONTROL DEL SISTEMA
Número de control del sistema CES20080009212m
040 ## - FUENTE DE CATALOGACIÓN
Centro catalogador de origen ES-MaCES
Lengua de catalogación spa
Centro transcriptor ES-MaCES
245 00 - MENCIÓN DE TÍTULO
Título Informes elaborados por el Consejo Económico y Social de la Comunidad de Madrid en 2007
250 ## - MENCIÓN DE EDICIÓN
Mención de edición 1ª ed
260 ## - PUBLICACIÓN, DISTRIBUCIÓN, ETC (PIE DE IMPRENTA)
Lugar de publicación, distribución, etc. Madrid
Nombre del editor, distribuidor, etc. CES, Comunidad de Madrid
Fecha de publicación, distribución, etc. 2008
300 ## - DESCRIPCIÓN FÍSICA
Extensión 288 p.
Dimensiones 23 cm
541 ## - NOTA DE LA FUENTE INMEDIANTE DE ADQUISICIÓN
Forma de adquisición Gratuito
650 #4 - ASIENTO SECUNDARIO DE MATERIA--TÉRMINO DE MATERIA
Término de materia o nombre geográfico como elemento inicial Madrid (Comunidad Autónoma)
9 (RLIN) 30777
650 #4 - ASIENTO SECUNDARIO DE MATERIA--TÉRMINO DE MATERIA
Término de materia o nombre geográfico como elemento inicial informe
9 (RLIN) 28986
650 #4 - ASIENTO SECUNDARIO DE MATERIA--TÉRMINO DE MATERIA
Término de materia o nombre geográfico como elemento inicial 2007
9 (RLIN) 31880
653 10 - TÉRMINO DE INDEXACIÓN--NO CONTROLADO
Término no controlado Informes CES
710 2# - ENCABEZAMIENTO SECUNDARIO--NOMBRE CORPORATIVO
Nombre de entidad o nombre de jurisdicción como elemento inicial Consejo Económico y Social (Madrid)
9 (RLIN) 2424
787 0# - ENTRADA DE OTRAS ESPECIFICACIONES
Título Informes elaborados por el Consejo Económico y Social de la Comunidad de Madrid en 2008
Número de control del registro relacionado (ES-MaCES)22454
787 0# - ENTRADA DE OTRAS ESPECIFICACIONES
Título Informes elaborados por el Consejo Económico y Social de la Comunidad de Madrid en 2006
Número de control del registro relacionado (ES-MaCES)20131
902 ## - CES. TIPO DE DOCUMENTO
Tipodoc (006$c Sirtex) LIB Libro
942 ## - ELEMENTOS KOHA
Fuente de clasificaión o esquema Clasificación propia del CES
Koha [por defecto] tipo de item Monografías
Parte de clasificación 6.0.12.
Existencias
Número de registro Signatura completa Tipo de item de Koha
072131 CES MADRID-102 Monografías
© CES, Consejo Económico y Social de España 2021